III Trobada d'Estudiosos de Sat Llorenç del Munt i l'Obac : comunicacions presentades el 16 de desembre de 1993 al Pont de Vilomara i Rocafort / coordinació: Jordi Hernández i Josep Melero comunicacions presentades el 16 de desembre de 1993 al Pont de Vilomara i Rocafort / coordinació:
MARC
| LEADER | 00000nam a2200000Ia 4500 | ||
|---|---|---|---|
| 001 | 11775 | ||
| 008 | 160829s1997 xx 000 0 cat d | ||
| 080 | |a C-1-97 | ||
| 111 | 2 | |a Trobada d'Estudiosos de Sant Llorenç del Munt i l'Obac |n (3a : |d 1993 : |c El Pont de Vilomara i Rocafort, Catalunya) |9 55701 | |
| 245 | |a III Trobada d'Estudiosos de Sat Llorenç del Munt i l'Obac : |b comunicacions presentades el 16 de desembre de 1993 al Pont de Vilomara i Rocafort / coordinació: |b Jordi Hernández i Josep Melero | ||
| 260 | |a Barcelona : |b Diputació de Barcelona, Servei de Parcs Naturals, |c 1997 | ||
| 300 | |a 108 p. ; |c 30 cm | ||
| 490 | |a Monografies ; 25 | ||
| 610 | 2 | 0 | |a Parc Natural de Sant Llorenç del Munt i l'Obac (Catalunya) |v Congressos |9 56262 |
| 700 | 1 | |a Hernández, Jordi, |d 1958- |e coordinador |9 39627 | |
| 700 | |a Melero, Josep |e coordinador |9 34446 | ||
| 710 | |a Barcelona (Catalunya : Província). |b Servei de Parcs Naturals |9 53492 | ||
| 901 | |a Arxiu | ||
| 942 | |n 1 |2 udc | ||
| 952 | |0 0 |1 0 |4 0 |6 C197 |7 1 |9 47019 |a Arxiu |b Arxiu |d 2016-12-01 |l 0 |o C-1-97 |p 11775 |r 2016-12-01 00:00:00 |w 2016-12-01 |y ARXIU | ||
| 999 | |c 50812 |d 50812 | ||